| 000 | 00404nam a22001697a 4500 | ||
|---|---|---|---|
| 005 | 20160625104516.0 | ||
| 008 | 160625b xxu||||| |||| 00| 0 eng d | ||
| 020 | _a81-7829-214-9 | ||
| 041 | _aeng | ||
| 082 | _b10000 | ||
| 100 |
_aBurns, Lynetle Sheridon _92738 |
||
| 245 | _aUnderstanding Journalism | ||
| 260 |
_bVestaar _c2002 |
||
| 300 | _a177 | ||
| 650 |
_aMass Communication _92660 |
||
| 942 | _cBK | ||
| 999 |
_c3944 _d3943 |
||